Normal view
MARC view
- Sgreccia, Natalia Fátima
Entry Nombre Personal
001 - NUMERO DE CONTROL
- campo de control: 51269
003 - IDENTIFICADOR DE NUMERO DE CONTROL
- campo de control: UPN
005 - FECHA Y HORA DE LA ÜLTIMA TRANSACCIÓN
- campo de control: 20240305115758.0
008 - DATOS DE LONGITUD FIJA
- campo de control de longitud fija: 240305|| ac|||aabn | a|a d
024 ## - OTROS IDENTIFICADORES NORMALIZADOS
- Fuente: orcid
- Número normalizado o código: https://orcid.org/0000-0003-2988-7410
040 ## - FUENTE DE CATALOGACIÓN
- Agencia original de catalogación: MX-MxUPN
100 1# - ENCABEZAMIENTO - NOMBRE PERSONAL
- Nombre personal: Sgreccia, Natalia Fátima
370 ## - LUGAR ASOCIADO
- Place of birth: Argentina
371 ## - DIRECCIÓN
- Electronic mail address: sgreccia@fceia.unr.edu.ar
372 ## - CAMPO DE ACTIVIDAD
- Field of activity: Ciencias de la educación, humanidades, arte
- Field of activity: Docencia e investigación
373 ## - GRUPO ASOCIADO
- Associated group: Universidad Nacional de Rosario
374 ## - OCUPACIÓN
- Occupation: Doctora en Humanidades
- Occupation: Profesora e investigadora universitaria
400 1# - VEÁSE - NOMBRE DE PERSONA
- Personal name: Sgreccia, Natalia
400 1# - VEÁSE - NOMBRE DE PERSONA
- Personal name: Sgreccia, Natalia F.
670 ## - FUENTE EN LA QUE SE LOCALIZARON DATOS
- Cita de la fuente: En recurso en línea: CPU-e, revista de investigación educativa. No. 37 (2023):
- Información localizada: página 146 (Natalia Fátima Sgreccia)
- Uniform Resource Identifier: https://cpue.uv.mx/index.php/cpue/article/view/2850/4651
902 ## - CATALOGADOR
- Catalogador: RGJD/050324
